000 00699nam a2200241 a 4500
001
003 DO-SdBNP
005 20210914083738.0
008 181101s2017 dr 000 p spa d
020 _a9789945609042
040 _aDO-SdBNP
_bspa
_cBPMSU
082 _aRD861.5
_bM938p 2017
_222
100 1 _aMoya, Nairobi,
_c1981-
245 1 0 _aPoemas :
_bLarobí /
_cNairobi Moya.
260 _aSanto Domingo :
_bSantuario,
_c2017.
300 _a75 p. ;
_c22 cm.
500 _aIncluye datos biográficos de la autora en la solapa de la cubierta
590 _aInventariado, 2021/VM
650 _aPoesía dominicana
650 4 _aLiteratura dominicana
910 _aVMateo V.
942 _2ddc
_cBK
999 _c13727
_d13727